[Event "Superbet Classic 2021"]
[Site "Bucharest ROU"]
[Date "2021.06.12"]
[Round "7.3"]
[White "Radjabov,T"]
[Black "So,W"]
[Result "1/2-1/2"]
[WhiteElo "2765"]
[BlackElo "2770"]

1.d4 Nf6 2.c4 e6 3.Nf3 d5 4.Nc3 Bb4 5.Bg5 dxc4 6.e4 h6 7.Bxf6 Qxf6 8.Bxc4 c5
9.e5 Qd8 10.O-O cxd4 11.Ne4 O-O 12.Qe2 Be7 13.Rad1 Qc7 14.Ng3 Bd7 15.Nh5 g6
16.Bd3 Bc6 17.Nxd4 Nd7 18.Rfe1 Nxe5 19.Qxe5 Qxe5 20.Rxe5 gxh5 21.Nxc6 bxc6
22.Rxh5 Kg7 23.Kf1 Rfd8 24.Ke2 Rd5 25.Rh3 Rad8 26.Rg3+ Kf8 27.Bc2 Re5+ 28.Re3 Rxe3+
29.fxe3 Rxd1 30.Kxd1 Bf6 31.Be4 Bxb2 32.Bxc6 a5 33.a4 Be5 34.g3 Ke7 35.Ke2 Kf8
36.Kd1 Ke7 37.Ke2 Kf8 38.Kd1  1/2-1/2

[Event "Superbet Classic 2021"]
[Site "Bucharest ROU"]
[Date "2021.06.13"]
[Round "8.4"]
[White "Deac,Bogdan-Daniel"]
[Black "Aronian,L"]
[Result "0-1"]
[WhiteElo "2627"]
[BlackElo "2781"]

1.e4 c5 2.Nf3 d6 3.Bb5+ Nd7 4.d4 cxd4 5.Qxd4 a6 6.Be2 Ngf6 7.O-O e6 8.Rd1 Be7
9.Nc3 Qc7 10.a4 O-O 11.a5 Rd8 12.Be3 Ng4 13.Bg5 Ngf6 14.Qc4 Qxc4 15.Bxc4 b5
16.axb6 Nxb6 17.Be2 Bb7 18.Nd2 Rd7 19.Bd3 Rc7 20.f3 d5 21.Be3 dxe4 22.Ndxe4 Nfd5
23.Bd4 f6 24.b3 Kf7 25.Nxd5 Nxd5 26.Bc4 a5 27.c3 g5 28.Ra4 f5 29.Ng3 Bc5
30.Bxc5 Rxc5 31.Bxd5 Bxd5 32.c4 Bc6 33.Ra3 a4 34.Rda1 Rg8 35.bxa4 g4 36.f4 Rxc4
37.Ne2 Rb8 38.R3a2 Bd5 39.a5 Rcb4 40.Rd2 Rb2 41.Rad1 Rxd2 42.Rxd2 Ra8 43.Nc3 Rxa5
44.Kf2 Bc6 45.Nd1 Ra4 46.g3 Ra1 47.Nb2 Rh1 48.Nd3 Rxh2+ 49.Ke3 Rxd2 50.Kxd2 Ke7
51.Ne5 Kd6 52.Ke3 Kd5 53.Kd3 Be8 54.Ke3 h5 55.Nd3 Kc4 56.Ne5+ Kc3 57.Nd3 h4
58.gxh4 g3 59.Ne5 Bh5 60.Nd7 e5 61.Nxe5 Kc2 62.Nd3 Kd1  0-1

[Event "Superbet Classic 2021"]
[Site "Bucharest ROU"]
[Date "2021.06.13"]
[Round "8.2"]
[White "Grischuk,A"]
[Black "Caruana,F"]
[Result "1/2-1/2"]
[WhiteElo "2776"]
[BlackElo "2820"]

1.e4 e5 2.Nf3 Nc6 3.Bb5 a6 4.Ba4 Nf6 5.O-O Bc5 6.c3 b5 7.Bb3 d6 8.d4 Bb6
9.a4 Bg4 10.axb5 axb5 11.Rxa8 Qxa8 12.h3 Bh5 13.Re1 h6 14.g4 Bg6 15.Be3 exd4
16.cxd4 O-O 17.d5 Bxe3 18.Rxe3 Na5 19.Bc2 Nc4 20.Re1 Nxb2 21.Qd4 Nc4 22.Bd3 Qa4
23.Bxc4 bxc4 24.Nc3 Qc2 25.Qd2 Qb3 26.Nd4 Qa3 27.Ndb5 Qa5 28.Nd4 Re8 29.f3 Nd7
30.Kg2 Ne5 31.Rb1 Ra8 32.Kg3 Nd3 33.Nde2 Qc5 34.Nf4 Ne5 35.Qf2 Qa5 36.Qd4 Kh7
37.Nfe2 f6 38.f4 c5 39.dxc6 Nxc6 40.Qxd6 Rc8 41.Rb7 Qd8 42.Rd7 Qf8 43.Qxf8 Rxf8
44.Rc7 Be8 45.Rc8 Kg8 46.Nd5 Bd7 47.Rc7 Rd8 48.Kf2 Be8 49.Ng3 Nd4 50.Rxc4 Nb5
51.Nf5 Kf8 52.h4 Bd7 53.Nfe3 Nd6 54.Rd4 Bc6 55.Rb4 h5 56.Nc3 hxg4 57.Nxg4 Bxe4
58.Nxe4 Nxe4+ 59.Rxe4 f5 60.Re5 fxg4 61.Kg3 Kf7 62.Kxg4 Rd1 63.Rf5+ Kg8 64.Re5 Kf7
65.Rf5+ Kg8 66.Re5 Kf7  1/2-1/2

[Event "Superbet Classic 2021"]
[Site "Bucharest ROU"]
[Date "2021.06.13"]
[Round "8.3"]
[White "So,W"]
[Black "Vachier Lagrave,M"]
[Result "1/2-1/2"]
[WhiteElo "2770"]
[BlackElo "2760"]

1.Nf3 Nf6 2.c4 c5 3.Nc3 d5 4.cxd5 Nxd5 5.e4 Nb4 6.Bc4 Nd3+ 7.Ke2 Nf4+ 8.Kf1 Ne6
9.h4 Nd4 10.Nb5 Ndc6 11.d4 a6 12.d5 axb5 13.Bxb5 e6 14.Qe2 Be7 15.dxc6 Nxc6
16.Rh3 O-O 17.Rg3 Bxh4 18.Nxh4 Qxh4 19.Rh3 Qf6 20.Qh5 h6 21.Rg3 Kh7 22.Bxc6 bxc6
23.Kg1 Ra4 24.e5 Qh4 25.Qxh4 Rxh4 26.Rc3 Re4 27.Rxc5 Re1+ 28.Kh2 Rd8 29.Bg5 Rxa1
30.Bxd8 Rxa2 31.Rxc6 Bb7 32.Rc7 Bd5 33.Rxf7 Rxb2 34.Bf6 Rb7 35.Rxb7 Bxb7
36.Bd8 Bd5 37.Bc7 Bb7 38.Bd8 Bd5 39.Bc7 Bb7 40.Bd8  1/2-1/2

[Event "Superbet Classic 2021"]
[Site "Bucharest ROU"]
[Date "2021.06.13"]
[Round "8.5"]
[White "Radjabov,T"]
[Black "Lupulescu,C"]
[Result "1/2-1/2"]
[WhiteElo "2765"]
[BlackElo "2656"]

1.e4 c5 2.Nf3 d6 3.d4 cxd4 4.Nxd4 Nf6 5.Nc3 Nc6 6.Bg5 Bd7 7.Qd2 a6 8.O-O-O e6
9.f4 b5 10.Bxf6 gxf6 11.Kb1 Qb6 12.Nce2 b4 13.f5 Nxd4 14.Nxd4 e5 15.Nf3 h5
16.Bc4 Rc8 17.Qd5 Rh7 18.Nd2 Bc6 19.Qd3 a5 20.Bd5 Bb5 21.Bc4 Bc6 22.Bd5 Bb5
23.Bc4 Bd7 24.Rhe1 a4 25.Nf1 Bh6 26.b3 Ke7 27.Qe2 h4 28.Rd3 axb3 29.cxb3 Bb5
30.Bxb5 Qxb5 31.Nd2 Bxd2 32.Qxd2 Qb6 33.Rd1 Rc6 34.g4 hxg3 35.hxg3 Rg7 36.Qe2 Rg8
37.g4 Qc5 38.Rd5 Qc3 39.R5d3 Qc5 40.Rd5 Qc3 41.R5d3 Qc5  1/2-1/2

[Event "Superbet Classic 2021"]
[Site "Bucharest ROU"]
[Date "2021.06.14"]
[Round "9.5"]
[White "Caruana,F"]
[Black "Deac,Bogdan-Daniel"]
[Result "1/2-1/2"]
[WhiteElo "2820"]
[BlackElo "2627"]

1.Nf3 d5 2.g3 Nf6 3.Bg2 e6 4.O-O Be7 5.d3 Nc6 6.Nbd2 e5 7.e4 d4 8.Nc4 Nd7
9.a4 O-O 10.b3 Re8 11.h4 Bb4 12.Bg5 f6 13.Bd2 Rb8 14.h5 a6 15.a5 Nf8 16.Nh4 b5
17.axb6 cxb6 18.Bxb4 Nxb4 19.Qd2 Nc6 20.Nf5 g6 21.Nh4 b5 22.Na5 Nxa5 23.Rxa5 Rb6
24.Raa1 Qe7 25.hxg6 hxg6 26.f4 Qh7 27.fxe5 fxe5 28.Rf2 Qg7 29.c3 dxc3 30.Qxc3 Ne6
31.Nf3 Rd6 32.Rc1 Bd7 33.Nxe5 Nd4 34.Nxd7 Qxd7 35.b4 Qg4 36.Re1 Rd7 37.Re3 Qg5
38.Qc1 Kg7 39.Bh3 Rde7 40.Kg2 Rh8 41.Re1 Qh5 42.Rh1 Qe5 43.Qb2 Nc6 44.Rc1 Qxb2
45.Rxb2 Ne5 46.Rd1 Rd8 47.d4 Nc6 48.d5 Rd6 49.Rf1 Ne5 50.Be6 Rc7 51.Ra1 Rc4
52.Rba2 Rxe4 53.Rxa6 Rxa6 54.Rxa6 Rxb4 55.Kf2 Ra4 56.Rb6 Ra2+ 57.Kf1 Nc4
58.Rxb5 Kf6 59.Ke1 Nd6 60.Rb3 Ke5 61.Kd1 Rg2 62.g4 Ne4 63.Ke1 Rh2 64.Ra3 Rb2
65.Bf7 g5 66.Be6 Nf6 67.Ra5 Rb4 68.Ke2 Nxg4 69.Bxg4 Rxg4 70.Kf3 Rd4 71.Kg3 Rxd5
72.Rxd5+ Kxd5 73.Kg4 Ke4 74.Kxg5  1/2-1/2

[Event "Superbet Classic 2021"]
[Site "Bucharest ROU"]
[Date "2021.06.14"]
[Round "9.1"]
[White "Vachier Lagrave,M"]
[Black "Mamedyarov,S"]
[Result "1/2-1/2"]
[WhiteElo "2760"]
[BlackElo "2770"]

1.e4 e5 2.Nf3 Nc6 3.Nc3 Nf6 4.d4 exd4 5.Nxd4 Bb4 6.Nxc6 bxc6 7.Bd3 d5 8.exd5 cxd5
9.O-O O-O 10.Bg5 c6 11.Qf3 Bd6 12.Bxf6 Qxf6 13.Qxf6 gxf6 14.Ne2 c5 15.Rad1 Bg4
16.h3 Bxe2 17.Bxe2 d4 18.Bc4 Rab8 19.b3 Bc7 20.Rd3 Ba5 21.Rf3 Kg7 22.Rg3+ Kh8
23.Rf3 Kg7 24.Rg3+ Kh8 25.Rf3 Kg7  1/2-1/2

[Event "Superbet Classic 2021"]
[Site "Bucharest ROU"]
[Date "2021.06.14"]
[Round "9.2"]
[White "Giri,A"]
[Black "Grischuk,A"]
[Result "1/2-1/2"]
[WhiteElo "2780"]
[BlackElo "2776"]

1.e4 e5 2.Nf3 Nc6 3.Bc4 Bc5 4.c3 Nf6 5.d3 d6 6.Bg5 h6 7.Bh4 a6 8.Nbd2 Ba7
9.O-O Qe7 10.b4 Be6 11.a4 O-O 12.b5 Nb8 13.d4 axb5 14.Bxe6 Qxe6 15.Bxf6 Qxf6
16.axb5 Nd7 17.Nc4 Qe6 18.Qd3 exd4 19.cxd4 Bb6 20.h3 Rae8 21.Rfe1 d5 22.exd5 Qxd5
23.Ne3 Qe4 24.Qc4 Nf6 25.Ng4 Qf5 26.Nxf6+ Qxf6 27.Qd5 Rb8 28.Re5 Rbd8 29.Qe4 Qg6
30.Qxb7 Rxd4 31.Nxd4 Bxd4 32.Ree1 Bxa1 33.Rxa1 Qd6 34.Rc1 Re8 35.Qc6 Qxc6
36.Rxc6 Re5 37.Rxc7 Rxb5 38.Rc8+ Kh7 39.Rc7 Kg8 40.Rc8+ Kh7 41.Rc7 Kg8 42.Rc8+  1/2-1/2

[Event "Superbet Classic 2021"]
[Site "Bucharest ROU"]
[Date "2021.06.14"]
[Round "9.4"]
[White "Lupulescu,C"]
[Black "So,W"]
[Result "1/2-1/2"]
[WhiteElo "2656"]
[BlackElo "2770"]

1.d4 Nf6 2.c4 e6 3.Nc3 Bb4 4.Qc2 O-O 5.a3 Bxc3+ 6.Qxc3 d5 7.Nf3 dxc4 8.Qxc4 b6
9.Bg5 Ba6 10.Qa4 h6 11.Bh4 c5 12.dxc5 bxc5 13.Rd1 Qb6 14.Bxf6 gxf6 15.e3 Bxf1
16.Kxf1 Nc6 17.g3 Qb7 18.Kg2 Ne5 19.Qf4 Kg7 20.e4 Nxf3 21.Qxf3 Qxb2 22.Rd7 Rfd8
23.Rhd1 Rxd7 24.Rxd7 Qe5 25.Qg4+ Kf8 26.Qe2 Rb8 27.Rxa7 f5 28.Qh5 Qxe4+ 29.f3 Rb2+
30.Kh3 Rxh2+ 31.Kxh2 Qe2+ 32.Kg1 Qe1+ 33.Kg2 Qe2+ 34.Kg1 Qe1+ 35.Kg2 Qe2+
36.Kg1  1/2-1/2